[Event "Garesnica op"]
[Site "Garesnica"]
[Date "2023.06.08"]
[Round "1"]
[White "Peric, Bernard"]
[Black "Ilic, Sasa"]
[Result "1-0"]
[WhiteElo "2154"]
[BlackElo "1700"]
[PlyCount "53"]
[EventDate "2023.06.08"]
[EventType "swiss"]
[EventRounds "7"]
[EventCountry "CRO"]
[SourceTitle "CBM 214 Extra"]
[Source "ChessBase"]
[SourceDate "2023.07.31"]
[SourceVersion "1"]
[SourceVersionDate "2023.07.31"]
[SourceQuality "1"]

1. e4 d5 2. exd5 Qxd5 3. Nc3 Qd8 4. d4 Nf6 5. Bc4 Bf5 6. Nf3 e6 7. Ne5 Be7 8. Be3 c6 9. g4 Be4 10. Nxf7 Qa5 11. Nxh8 Bxh1 12. f3 Nbd7 13. Kf2 Nxg4+ 14. fxg4 Bd5 15. Bxd5 exd5 16. Kg2 Qb4 17. Qd3 0-0-0 18. Nf7 Rf8 19. Rf1 g6 20. b3 Bf6 21. Ng5 Qe7 22. Nh3 Qe6 23. Qe2 Re8 24. Re1 Qd6 25. Qf2 Qb4 26. Bd2 Rf8 27. Nxd5 1-0